01403nab a22002297a 4500999001500000003000400015005001700019008004100036040000700077100004400084245020300128260007300331300001500404500002800419505038500447505008200832650002300914650002500937700004300962773015501005942001301160 c5585d5585OSt20251219111111.0190429b xxu||||| |||| 00| 0 spa d cPJ 96561aEsnaola, María de los Ángeles10aFuego latente. Del control de la reproducción al crimen de odio: bla violencia estructural hacia la homosexualidad lésbica en clave histórica y jurídica /cMaría de los Ángeles Esnaola. cCiudad Autónoma de Buenos Aires :aThomson Reuters La Ley, b2025. ap. 171-176 aCita: AR/DOC/1066/2025. aSumario: I. Introducción.— II. Los inicios de la persecución. Relación entre la imposición del capitalismo y el necesario control de la reproducción.— III. Creación del monstruo y legitimación para su exterminio.— IV. Brujas modernas, ¿en dónde quedó eso de la "libertad"?— V. La hoguera de Barracas.— VI. Reflexiones finales.— VII. Bibliografía.  tSi te interesa el texto completo, solicitalo a koha@justierradelfuego.gov.ar  09343aDERECHO PENAL 092486aCRIMINOLOGÍA 96560aBallesteros, Ignacio E.ecoautor0 0265893164tRevista de derecho penal y criminología. Nº 5 - Junio 2025dCiudad Autónoma de Buenos Aires : Thomson Reuters La Ley, 2017-x00347914 2udccANA